guess the artists of my favorite kpop songs - Statistics

Estatísticas Gerais
  • Esse quiz foi jogado 282 vezes
  • A pontuação média é 62 de 122
Estatísticas das Respostas
Hint Resposta % Correto
1,3,2 | cruel | cry for me | +6 others twice
96%
black mamba | illusion | lucid dream aespa
92%
playing with fire | the happiest girl blackpink
90%
be in love | cherry | kill shot | +4 others itzy
85%
good, bad, ugly | knock on wood | marionette | +4 others red velvet
83%
ditto new jeans
80%
can't you see me? | fairy of shampoo | ghosting | runaway txt
80%
drunk dazed enhypen
75%
hwaa | luv u | maybe | what's your name (G)i-dle
75%
into the new world | the boys girls generation
75%
apple | mago | me gustas tu | +2 others gfriend
74%
blue flame | impurities | the great mermaid lesserafim
71%
hi high | need u | star | universe loona
71%
side effects | silent cry stray kids
68%
ladida | moon | player everglow
66%
tell me wonder girls
64%
24 hours (24시간이 모자라) | black pearl | gotta go sunmi
56%
bad girl good girl | hush miss a
54%
heart attack chuu
53%
BEcause | deja vu | diamond dreamcatcher
51%
4 walls | airplane f(x)
50%
catallena orange caramel
46%
dumhdurum apink
42%
good day iu
40%
roly-poly | sugar free t-ara
37%
candy nct dream
34%
heroine | mine ive
32%
same same | young luv stayc
30%
as you wish | masquerade | pantomime | +2 others wjsn
30%
tears falling AOA
26%
fiction beast
21%
love in space cherry bullet
18%
bad boy sad girl seulgi
17%
moon palace billlie
16%
a sign~anonymous billllie
16%
love4eva loona yyxy
16%
new yves
16%
1cm | destiny lovelyz
12%
cursor | period | so WhY purple kiss
12%
i can't breathe | the aerialist (wonderboy) gwsn
11%
hmph! wjsn chocome
10%
we are... exid
8%
girls nature
8%
pretty boys yena
8%
neon yukika
8%
copycat apink chobom
7%
love, maybe (ost) secret number
7%
tears so chan-whee
7%
blue eyes | colors | speed of love eunbi
6%
loveable ( ost ) sinb
6%
express moon | favorite part | this time yuri
6%
bittersweet dreamnote
5%
fermata girls generation-oh!GG
5%
breathe | galaxy luna
5%
skyline sejeong
5%
i kiss | spark BoA
4%
S.O.R.R.Y girlkind
2%
Nenhum quiz correspondente encontrado
Distribuição das Pontuações
Porcentagem de Pessoas com Cada Pontuação
Percentil de Números Respondidos
Sua Pontuação Histórica
Você não jogou esse quiz